1086 1335 1765 1364 1546 1201 1453 1438 1215 1894 1924 1480 1059 1585 1798 1803 1011 1454 1132 1763 1956 1146 1598 1204 1823 1367 1239 1303 1443 1346 1476 1124 1287 1263 1397 1097 1992 1761 1829 1402 1062 1398 1618 1600 1590 1302 1096 1553 1005 1803 1843 1755 1144 1423 1479 1624 1596 1843 1724 1274 1389 1380 1003 1869 1750 1411 1571 1427 1680 1688 1676 1700 1335 1484 1985 1372 1335 1860 1686 1347 1398 1027 1923 1684 1305 1761 1685 1252 1002 1077 1495 1362 1202 1168 1950 1323 1272 1317 1805 BCNSPRNW ULIB Ver.6.0+V

เปลี่ยนเป็นภาษาไทย

Change to English
 แสดงรายละเอียดบรรณานุกรม
  กลับหน้าหลัก

Brief Record : Get Marc (ISO 2709) : E-mail record : QR code < ปิดหน้าต่าง
LEADER : 00000nam 2200000uu 4500
001    13399129144
003     ULIB
008    250718s2019||||th 000 0 tha d
020 ^  ^a9781108457651
050  4 ^aPE1128^bM978E
100 1  ^aMurphy, Raymond.
245 0  ^aEnglish grammar in use :^ba self-study reference and practice book for intermediate learners of english with answers / ^cRaymond Murphy.
250 ^  ^a5th ed.
260    ^aCambridge :^bCambridge University Press,^c2019.
300 ^  ^ax, 380 p. :^bill ;^c27 cm
650  0 ^aEnglish language^vTextbooks for foreign speakers.
650  0 ^aEnglish language^vTextbooks.^xGrammar
650  0 ^aEnglish language^xGrammar^vProblems, exercises, etc.
650  0 ^aEnglish language^xTextbooks for foreign speakers.
650 0  ^aEnglish language^xGrammar.
650 0  ^aEnglish language^xUsage.
945    ^p539^l0^i011899
999    ^aประนอม เกษจรัล
รายการนี้ยังไม่มีแท็ก
คุณยังไม่ได้ล็อกอิน คุณสามารถมีกิจกรรมร่วมกับเว็บไซต์ได้ แต่ต้องล็อกอินก่อน ::
  ล็อกอิน

รายการสื่อสารสนเทศ

ลำดับที่ ประเภท เลขเรียก/บาร์โค้ด สถานที่ สถานะ
1. การศึกษาทั่วไป
หนังสือสำรอง
สถานะ=หนังสือสำรอง
PE1128 M978E ฉ.1 
  Barcode: 011899
ห้องสมุดวิทยาเขตสวรรค์ประชารักษ์
►หนังสือทั่วไป
ถูกยืม กำหนดส่งวันที่ 10 พฤศจิกายน 2568
  จอง

รายการใกล้เคียง
    ผู้แต่ง [Murphy, Raymond.]

BibComment


ยังไม่เคยถูกคอมเมนท์

คอมเมนท์ทรัพยากรรายการนี้
  คอมเมนท์: English grammar ..


 Copyright 2026. Bcnsprnw @Library